000 01006nabaa22002177a 4500
999 _c6124
_d6124
003 OSt
005 20260122210308.0
008 190701b xxu||||| |||| 00| 0 spa d
040 _cPJ
100 _96889
_aRomero Verdún, Iván F.
245 1 3 _aLa desvinculación del personal estatal transitorio :
_bcomentario a propósito de “Flores, María José” /
_cIván F. Romero Verdún.
300 _ap. 154-161
505 _aSumario: I. Introducción.— II. Desvinculación ilegítima del personal transitorio en la jurisprudencia.— III. Cuestiones prácticas.— IV. Palabras finales.
505 _t¿Te interesa el texto completo? Comunicate al correo: koha@justierradelfuego.gov.ar
650 0 _9211
_aDERECHO ADMINISTRATIVO
650 0 _9877
_aADMINISTRACION PUBLICA
650 0 _9938
_aEMPLEO PUBLICO
650 0 _9699
_aFALLOS DE LA CORTE SUPREMA
773 0 _02842
_93251
_dBuenos Aires : AbeledoPerrot, 2012-
_oDA121
_tDerecho administrativo. Nº 147 mayo/junio 2023
_z18510590
942 _2udc
_cANA